1907 1506 1322 1537 1177 1169 1311 1878 1016 1533 1283 1641 1825 1748 1805 1949 1688 1127 1439 1488 1157 1052 1040 1352 1336 2000 1025 1074 1720 1528 1644 1236 1931 1342 1027 1987 1488 1653 1969 1586 1890 1924 1224 1765 1821 1469 1769 1797 1068 1069 1970 1280 1095 1987 1938 1369 1158 1743 1290 1327 1801 1575 1501 1269 1510 1665 1395 1938 1879 1554 1497 1645 1215 1038 1896 1617 1162 1265 1564 1232 1874 1554 1843 1759 1416 1538 1236 1569 1570 1959 1974 1161 1768 1799 1962 1406 1929 1104 1452 BCNSPRNW ULIB Ver.6.0+V

เปลี่ยนเป็นภาษาไทย

Change to English
 แสดงรายละเอียดบรรณานุกรม
  กลับหน้าหลัก

Brief Record : Get Marc (ISO 2709) : E-mail record : QR code < ปิดหน้าต่าง
LEADER : 00000nam 2200000uu 4500
001    13399112918
003     ULIB
008    110919s2552||||th 000 0 tha d
020    9786160600304
090    นว.^bฉ512ป
100 0  เฉียวอัน
245 00 ประกายรัก/^cเฉียวอัน
250    พิมพ์ครั้งที่ 1
260    กรุงเทพฯ :^bแจ่มใส,^c2552
300    209 หน้า
710 1  แจ่มใส
945    ^p149^l0^i16296
995    กัณชพร
999     ^aใช้งานได้ทุกระบบ
รายการนี้ยังไม่มีแท็ก
คุณยังไม่ได้ล็อกอิน คุณสามารถมีกิจกรรมร่วมกับเว็บไซต์ได้ แต่ต้องล็อกอินก่อน ::
  ล็อกอิน

รายการสื่อสารสนเทศ

ลำดับที่ ประเภท เลขเรียก/บาร์โค้ด สถานที่ สถานะ
1. นวนิยาย
นวนิยาย
นว. ฉ512ป  
  Barcode: 16296
ห้องสมุดวิทยาเขตสวรรค์ประชารักษ์
►นวนิยาย
บนชั้น
  ขอยืม

รายการใกล้เคียง
    ผู้แต่ง [เฉียวอัน]

BibComment


ยังไม่เคยถูกคอมเมนท์

คอมเมนท์ทรัพยากรรายการนี้
  คอมเมนท์: ประกายรัก เฉียวอัน


 Copyright 2026. Bcnsprnw @Library